000 00173nam a2200073Ia 4500
008 170817s9999 xx 000 0 und d
100 _aPANDEY V. C.
245 0 _aGIRLS PRIMARY EDUCATION
260 _bISHA PUB
999 _c37156
_d37156